| 000 | 00785naa a2200229 i 4500 | ||
|---|---|---|---|
| 001 | 37834 | ||
| 003 | ES-MaBCM | ||
| 005 | 20241016104043.0 | ||
| 008 | 951211s1995 esp 000 0 glgao d | ||
| 021 | _axx | ||
| 035 | _a(OCoLC)1374261725 | ||
| 040 | _cES-MaBCM | ||
| 041 | 0 | _agao | |
| 043 | _aesp | ||
| 100 | 1 |
_aFernández López, Juan Carlos _915416 |
|
| 245 | 1 | 0 |
_aOs pregos na contratación administrativa _b: a sua regulación normativa presente e futura _cJuan Carlos Fernández López |
| 650 | 2 | 7 |
_aContratación administrativa _958095 |
| 651 | 2 | 4 |
_aEspaña _9115342 |
| 655 | 4 |
_aLegislación comentada _9115338 |
|
| 773 | 0 |
_aEn: _tREGAP : revista galega de administración pública _dSantiago de Compostela : 1995 _w104931 _gn. 9, p. 221-244. - Loc. S.394 |
|
| 942 | _cAREV | ||
| 999 |
_c37834 _d37834 |
||